Les joueurs ayant joué le plus de matchs au FC Barcelone - Statistiques

Statistiques générales
  • Ce quiz a été pris 535 fois
  • Le résultat moyen est 6 sur 10
Statistiques - réponses
Joueur Matchs disputés Nationalité % Correct
Lionel Messi 750 Argentine
100%
Andrés Iniesta 674 Espagne
98%
Xavi 767 Espagne
98%
Gérard Piqué 553 Espagne
92%
Sergio Busquets 598 Espagne
92%
Carles Puyol 593 Espagne
85%
Victor Valdés 535 Espagne
71%
Carles Rexach 449 Espagne
2%
Guillermo Amor 421 Espagne
2%
Migueli 549 Espagne
2%
Aucun quiz correspondant
Distribution des résultats
% des personnes avec chaque résultat
Percentile par nombre de réponses
Votre historique - résultats
Vous n’avez pas pris ce quiz